| 000 | 01238cam a2200349 i 4500 | ||
|---|---|---|---|
| 999 |
_c200447418 _d65630 |
||
| 001 | 200447418 | ||
| 003 | TR-AnTOB | ||
| 005 | 20230524134713.0 | ||
| 007 | ta | ||
| 008 | 041102r20211982tur tu t tu ttu d | ||
| 020 | _a9789750721571 | ||
| 040 |
_aTR-AnTOB _beng _erda _cTR-AnTOB |
||
| 041 | 1 |
_atur _hspa |
|
| 050 | 0 | 4 |
_aPQ8180.17.A73 _bC6819 2021 |
| 090 |
_aPQ8180.17.A73 _bC6819 2021 |
||
| 100 | 1 |
_aGarcía Márquez, Gabriel, _d1927-2014 _eauthor _9107000 |
|
| 240 | 1 | 0 |
_aCronica de una muerte anunciada. _lTurkish |
| 245 | 1 | 0 |
_aKırmızı pazartesi : _bişleneceğini herkesin bildiği bir cinayetin öyküsü / _cGabriel Garcia Marquez ; İspanyolca aslından çeviren: İnci Kut. |
| 250 | _a68. basım: Şubat, 2021 | ||
| 250 | _a70. basım Aralık 2021 | ||
| 264 | 1 |
_aİstanbul : _bCan Yayınları, _c2021. |
|
| 300 |
_a107 pages ; _c20 cm |
||
| 336 |
_atext _btxt _2rdacontent |
||
| 337 |
_aunmediated _bn _2rdamedia |
||
| 338 |
_avolume _bnc _2rdacarrier |
||
| 500 | _aOrjinal: Cronica De Una Muerta Anunciada | ||
| 500 | _a1982 Nobel Edebiyat Ödülü | ||
| 650 | 7 |
_aİspanyol romanı _2etuturkob _9102943 |
|
| 700 | 1 |
_aKut, İnci _etranslator _918607 |
|
| 942 |
_2lcc _cBK |
||